000
00305nam a2200109 4500
008
160623b xxu||||| |||| 00| 0 eng d
100
_9
760
_a
Hollaway, I.N
245
_a
When all the Bridges are Down
260
_a
Tennesse
_b
Broadman Press
_c
1975
300
_a
When all the Bridges are Down
942
_2
ddc
_c
BK
999
_c
611
_d
611